Movies Quiz

Random Movies or Pixar Quiz

Pixar's Cars Characters (Slideshow) Quiz Stats

 Plays Quiz not verified by Sporcle

Challenge
Share
Tweet
Score 0/20 Timer 05:00
0 Plays Today
% Correct
Lightning McQueen
96.9%
Sally Carrera
88.6%
Luigi
85.9%
Chick Hicks
80.4%
Sheriff
80.4%
Tow Mater
80%
Guido
80%
Mack
79.6%
Ramone
79.2%
Flo
79.2%
Sarge
78.4%
The King
78%
Red
76.9%
Fillmore
74.1%
Doctor 'Doc' Hudson
72.5%
Lizzie
68.2%
Tex
60%
Tia and Mia
55.7%
% Correct
Snot Rod
52.2%
Darrell Cartrip
51.8%
Frank
51.8%
Mrs. The King
49.4%
DJ
49.4%
Wingo
47.8%
Van
46.7%
Boost
46.7%
Bob Cutlass
46.3%
Not Chuck
43.5%
Rusty Rust-eze
42%
Dusty Rust-eze
41.2%
Minny
39.6%
Michael Schumacher Ferrari
38.4%
Junior
36.5%
Jay Limo
34.1%
Kori Turbowitz
32.2%
Mario Andretti
32.2%

You're not logged in!

Compare scores with friends on all Sporcle quizzes.
OR
Log In

You Might Also Like...

Show Comments

Extras

Created May 13, 2016ReportNominate
Tags:Pixar Quiz, car, character, Slideshow

Top Quizzes Today


Score Distribution

Your Account Isn't Verified!

In order to create a playlist on Sporcle, you need to verify the email address you used during registration. Go to your Sporcle Settings to finish the process.

Report this User

Report this user for behavior that violates our Community Guidelines.

Details: